Southville International School and Colleges
Your cart is empty.
  • Cart
  • Lists
    Public lists Eva Luna New books Lux_list list_1
    Your lists Log in to create your own lists
  • Log in to your account
  • Your cookies
  • Search history
Southville International School and Colleges
  • Advanced search
  • Recent comments
  • Most popular
  • Libraries

Log in to your account

Log in with GOOGLE


If you do not have an external account, but do have a local account, you can still log in:

  1. Home
  2. MARC view: Little miss stoneybrook and dawn
Normal view MARC view ISBD view

Little miss stoneybrook and dawn (Record no. 283900)

[ view plain ]
MARC details
000 -LEADER
fixed length control field 00898nam a22002297a 4500
003 - CONTROL NUMBER IDENTIFIER
control field PILC
005 - DATE AND TIME OF LATEST TRANSACTION
control field 20160128094036.0
008 - FIXED-LENGTH DATA ELEMENTS--GENERAL INFORMATION
fixed length control field 150508b xxu||||| |||| 00| 0 eng d
020 ## - INTERNATIONAL STANDARD BOOK NUMBER
International Standard Book Number 0590251708 (pbk.)
050 ## - LIBRARY OF CONGRESS CALL NUMBER
Classification number PZ7 .M363 1989
100 1# - MAIN ENTRY--PERSONAL NAME
Personal name Martin, Ann M.
245 10 - TITLE STATEMENT
Title Little miss stoneybrook and dawn
Statement of responsibility, etc Ann M. Martin.
260 ## - PUBLICATION, DISTRIBUTION, ETC. (IMPRINT)
Place of publication, distribution, etc New York :
Name of publisher, distributor, etc Scholastic,
Date of publication, distribution, etc c1989
300 ## - PHYSICAL DESCRIPTION
Extent 144 p. ;
Dimensions 20 cm.
440 1# - SERIES STATEMENT/ADDED ENTRY--TITLE
Title Baby-sitters Club ;
Volume number/sequential designation #15.
500 ## - GENERAL NOTE
General note "An Apple paperback."
520 ## - SUMMARY, ETC.
Summary, etc Each member of the Baby-sitters Club sponsors a different girl in the Little Miss Stoneybrook competition, as Dawn also tries to cope with the break-up of her family after her parents are divorced.
650 #0 - SUBJECT ADDED ENTRY--TOPICAL TERM
Topical term or geographic name as entry element Beauty contests
General subdivision Juvenile fiction.
650 #0 - SUBJECT ADDED ENTRY--TOPICAL TERM
Topical term or geographic name as entry element Family life
General subdivision Juvenile fiction.
650 #0 - SUBJECT ADDED ENTRY--TOPICAL TERM
Topical term or geographic name as entry element Babysitters
General subdivision Juvenile fiction.
942 ## - ADDED ENTRY ELEMENTS (KOHA)
Source of classification or shelving scheme Library of Congress Classification
Koha item type Books
Classification part PZ 7 .M363 1989
Holdings
Withdrawn status Lost status Source of classification or shelving scheme Damaged status Home library Current library Shelving location Date acquired Source of acquisition Total Checkouts Full call number Barcode Date last seen Price effective from Koha item type
    Library of Congress Classification   Luxembourg Library Luxembourg Library Kids Fiction Section 05/08/2015 Donation   PZ 7 .M363 1989 17895 06/10/2017 05/08/2015 Books

Little miss stoneybrook and dawn

APA

Martin A. M., . (1989). Little miss stoneybrook and dawn. New York: Scholastic.

Chicago

Martin Ann M, . 1989. Little miss stoneybrook and dawn. New York: Scholastic.

Harvard

Martin A. M., . (1989). Little miss stoneybrook and dawn. New York: Scholastic.

MLA

Martin Ann M, . Little miss stoneybrook and dawn. New York: Scholastic. 1989.

  • Place hold
  • Print
  • Cite
  • Add to your cart (remove)
  • Save record
    BIBTEX Dublin Core MARCXML MARC (non-Unicode/MARC-8) MARC (Unicode/UTF-8) MARC (Unicode/UTF-8, Standard) MODS (XML) RIS
  • More searches
    Search for this title in:
    Other Libraries (WorldCat) Other Databases (Google Scholar) Online Stores (Bookfinder.com) Open Library (openlibrary.org)

Exporting to Dublin Core...

SOUTHVILLE LIBRARY

Southville International School and Colleges Library

1281 Tropical Ave. Cor. Luxembourg St., BF Homes International, Las Pinas City

Tel. No. 8256374 / 252358 Loc. 117/146

Powered by Koha